000 00427nam a2200145Ia 4500
008 230917s9999||||xx |||||||||||||| ||und||
040 _e71041
_aMAIN
041 _aEnglish
082 _a940.253 P183A
100 _aPalmer, R R
245 4 _aThe age of the democratic revolution: a political history of Europe and America 1760-1800
260 _aNew Jersey
_bPrinceton University
_c1974
300 _aix, 534 p.
942 _cBK
999 _c207839
_d207839